LEADER 02103nam0 22003973i 450 001 SBL0108225 005 20251003044349.0 020 $aIT$b6911301 100 $a20130827d1969 ||||0itac50 ba 101 | $aita 102 $ait 181 1$6z01$ai $bxxxe 182 1$6z01$an 200 1 $aStudi e osservazioni geografiche sulla regione-citta$ela media Valle d'Olona$fGiacomo Corna Pellegrini 210 $aMilano$cVita e pensiero$d1969 215 $aXI, 218 p.$cill.$d22 cm 225 | $aPubblicazioni dell'Universitā cattolica del Sacro Cuore$i. Saggi e ricerche. Ser. 3$i., Scienze geografiche 300 $aLa prima parte in collaborazione con C. Saibene. 410 0$1001SBL0136573$12001 $aPubblicazioni dell'Universitā cattolica del Sacro Cuore$i. Saggi e ricerche. Ser. 3$i., Scienze geografiche$171202$aUniversitā cattolica del Sacro Cuore$3CFIV008789 606 $aVal d'Olona$2FIR$3SBLC007829$9I 676 $a914.522$9GEOGRAFIA. VARESE (PROV.)$v19 676 $a914.522$9GEOGRAFIA. VARESE (PROV.)$v23 676 $a914.5226$9GEOGRAFIA. VARESE (PROV). Cairate, Castelseprio, Olgiate Olona$v21 686 $aLOM/35.3/MI$cECONOMIA E SOCIETA LOMBARDIA 1945-1968 MILANO$2R 686 $aLOM/35.3/VA$cECONOMIA E SOCIETA LOMBARDIA 1945-1968 VARESE$2R 700 1$aCorna Pellegrini$b, Giacomo$3CFIV010613$4070$0129651 702 1$aSaibene$b, Cesare$3CFIV098530 801 3$aIT$bIT-000000$c20130827 850 $aIT-BN0095 $aIT-BN0098 901 $bNAP 01$cPOZZO LIB.$nVi sono collocati fondi di economia, periodici di ingegneria e scienze, periodici di economia e statistica e altri fondi comprendenti documenti di economia pervenuti in dono. 901 $bNAP CU$cF. PAREO $n$ 912 $aSBL0108225 950 0$aBiblioteca Centralizzata di Ateneo$c1 v.$d 01POZZO LIB.F. LANGELLA 212$e 0101 0600183655E VMA 1 v. (Precedente collocazione LG 269)$fB $h20221014$i20221014 977 $a 01$a CU 996 $aStudi e osservazioni geografiche sulla regione-citta$91739671 997 $aUNISANNIO LEADER 01733oam 2200481z 450 001 9910164320103321 005 20230329223008.0 010 $a0-8031-5266-3 035 $a(CKB)3170000000044138 035 $a(SSID)ssj0001184132 035 $a(PQKBManifestationID)11662153 035 $a(PQKBTitleCode)TC0001184132 035 $a(PQKBWorkID)11191221 035 $a(PQKB)11310871 035 $a(EXLCZ)993170000000044138 100 $a20160829h19941994 uy 0 101 0 $aeng 181 $ctxt$2rdacontent 182 $cc$2rdacontent 183 $acr$2rdacarrier 200 00$aCharacterization and performance of calcium phosphate coatings for implants /$feditors, Emanuel Horowitz, Jack E. Parr 210 31$aPhiladelphia :$cASTM,$d1994. 210 4$aŠ1994 215 $a1 online resource (x, 212 pages) $cillustrations 225 0 $aSTP Characterization and performance of calcium phosphate coatings for implants 300 $aBibliographic Level Mode of Issuance: Monograph 311 $a0-8031-1854-6 606 $aHydroxyapatite coating$xTesting$vCongresses 606 $aOrthopedic implants$xMaterials$vCongresses 606 $aDental implants$xMaterials$vCongresses 608 $aConference Proceedings. 615 0$aHydroxyapatite coating$xTesting 615 0$aOrthopedic implants$xMaterials 615 0$aDental implants$xMaterials 676 $a617/.9178 702 $aHorowitz$b Emanuel 702 $aParr$b Jack E. 712 02$aASTM Committee F-4 on Medical and Surgical Materials and Devices, 801 0$bPQKB 906 $aBOOK 912 $a9910164320103321 996 $aCharacterization and performance of calcium phosphate coatings for implants$91995650 997 $aUNINA